000 00914nam0a22002411 4500
001 rc\547021
005 20030616170007.2
035 _a(NLR Aleph) 005783362
090 _a5131520
_c5131520
100 _a20030616d1987 u |0rusy50 ca
101 0 _arus
102 _aRU
105 _ay |||||||||
200 1 _aСборник технических текстов и упражнений для студентов-грузин факультета автоматики и вычислительной техники
_e[Учеб. пособие]
210 _aТбилиси
_cГанатлеба
_d1987
215 _a144 с.
_d20
700 1 _aЦарукова
_bЭ. П.
_gЭлеонора Поликарповна
701 1 _aКартвелишвили
_bЛ. В.
_gЛера Вениаминовна
801 0 _aRU
_bNLR
_gpsbo
801 1 _aRU
_bELAR
_2rusmarc
852 _aNLR
_j87-3/1773
942 _cBOOK
980 _aNB